000
00165nam a2200073Ia 4500
008
170620s9999 xx 000 0 und d
100
_a
PASSI AND SINGH
245
0
_a
VALUE EDUCATION
260
_b
APOLO
999
_c
27393
_d
27393